| 000 | 00680nam a2200229Ia 4500 | ||
|---|---|---|---|
| 008 | 160319s9999 xx 000 0 und d | ||
| 020 | _a9789712728174 | ||
| 050 | _aFil 959.9056 | ||
| 050 | _bJ62r 2013 | ||
| 100 | _aJoaquin, Nick | ||
| 245 | _aReportage on the Marcoses, 1964-1970 / | ||
| 245 | _cQuijano De Manila [i.e. Nick Joaquin] | ||
| 260 | _aMandaluyong City : | ||
| 260 | _bAnvil Pub. Inc. | ||
| 260 | _c2013 | ||
| 300 | _a233 pages : | ||
| 300 | _billustrations ; | ||
| 300 | _c21 cm | ||
| 650 | _aMarcos, Ferdinand Edralin, -- 1917-1989. | ||
| 650 | _aMarcos, Imelda Romualdez, -- 1929- | ||
| 650 | _aPhilippines -- Politics and government -- 1946- | ||
| 999 |
_c292347 _d292347 |
||